000 01221nam a22002177a 4500
999 _c63852
_d63852
003 Ge_BSU
005 20260206150051.0
008 260206s2022 ge ||||| |||| 00| 0 geo d
020 _a9789941497230
041 _ageo
080 _a821.353.1.09 მ-59
100 _aმეტრეველი, საბა
_914596
245 _aესთეტიკა საბჭოთა ტოტალიტარიზმისა :
_bპროლეტარული რეალიზმიდან სოციალისტურ რეალიზმამდე /
_c საბა მეტრეველი; რედაქტორი სოსო სიგუა.
264 _aთბილისი :
_bსაგა,
_c2022.
300 _a299 გვ. ;
_b20 სმ.
504 _aბიბლიოგრაფია: გვ. 282-299
520 _aრეზიუმე ინგლისურ ენაზე.
653 _aქართული ლიტერატურის ისტორია და კრიტიკა
700 _aსიგუა, სოსო
_eრედაქტორი, წინასიტყვაობის ავტორი
_95588
942 _2udc
_cᲬᲘᲒᲜᲘ